000 00510 a2200157 4500
005 20250606103248.0
020 _a978-0-07-337948-7
082 _a658.151 ZIM
100 _aZIMMERMAN, J. L.
245 _aAccounting for Decision Making and Control.
250 _a6th Ed.
260 _aNew York,
_bMcgraw-Hill Irwin,
_c2009.
300 _axvi, 733p.: Ill.; figures, graph.
_bGlossary & Index,
_c24cm.
856 _yAccess online book
_fAccounting for Decision Making and Control
_dwww.mhhe.com
942 _2ddc
_cBKS
999 _c1862
_d1862